[Event "AUTO-OPEN-603"]
[Site "http://www.queenalice.com/game.php?id=189212"]
[Date "2007.3.29"]
[Round "1"]
[White "maeaton"]
[Black "raga"]
[Result "1-0"]
[WhiteElo "1892"]
[BlackElo "1548"]

1. d4 Nf6 2. Bf4 d5 3. e3 g6 4. Nc3 Bg7 5. Nf3 O-O 6. Bd3 Nbd7 7. O-O c5 8. Nb5
Qb6 9. Nc7 Rb8 10. b3 Nh5 11. Nxd5 Qe6 12. Bxb8 Qxd5 13. Bc4 Qc6 14. Bxa7 b5 15.
Be2 Bb7 16. a4 e5 17. axb5 Qf6 18. dxc5 Nxc5 19. Bxc5 Rd8 20. Qe1 Bh6 21. Ra7
Be4 22. Be7 Qb6 23. Ra6 Qc7 24. Bxd8 Qxd8 25. Nxe5 Nf6 26. Qa1 Kg7 27. Rd1 Qc7
28. Nxf7 1-0

[Event "AUTO-INT-411"]
[Site "http://www.queenalice.com/game.php?id=194845"]
[Date "2007.4.10"]
[Round "1"]
[White "od_xavier"]
[Black "raga"]
[Result "0-1"]
[WhiteElo "1637"]
[BlackElo "1591"]

1. e4 d6 2. d4 Nf6 3. Nc3 Nc6 4. Nf3 Bg4 5. d5 Bxf3 6. gxf3 Ne5 7. Be3 g6 8.
Bb5+ c6 9. dxc6 Nxc6 10. Qd2 Bg7 11. O-O-O a6 12. Bxc6+ bxc6 13. Bd4 O-O 14. Qg5
a5 15. h4 Nh5 16. Bxg7 Kxg7 17. Rhg1 Qb6 18. Qxh5 Rab8 19. b3 Qb4 20. Qg4 Qxc3
21. h5 Rb5 22. hxg6 fxg6 23. f4 Rc5 24. Qe2 Rxf4 25. Qd3 Qxd3 26. Rxd3 Rxf2 27.
c3 Rxa2 28. c4 Ra1+ 29. Kd2 Rxg1 30. Kc3 h5 31. b4 axb4+ 32. Kxb4 Rg4 33. e5
Rcxc4+ 34. Ka5 d5 35. Kb6 Rge4 36. Ra3 Rxe5 37. Ra7 Re6 38. Kc7 h4 39. Kd7 Ree4
40. Ke8 h3 41. Ra1 Ra4 42. Rf1 Rf4 43. Rc1 Ra7 44. Rxc6 Rf8# 0-1

[Event "AUTO-INT-411"]
[Site "http://www.queenalice.com/game.php?id=194846"]
[Date "2007.4.10"]
[Round "1"]
[White "raga"]
[Black "od_xavier"]
[Result "1-0"]
[WhiteElo "1727"]
[BlackElo "1645"]

1. e4 e5 2. Nf3 Nc6 3. Bb5 Nf6 4. Nc3 Bc5 5. d3 d6 6. Bg5 Be6 7. Qd2 h6 8. Bh4
g5 9. Bg3 Nh5 10. O-O-O a6 11. Ba4 b5 12. Bb3 Bxb3 13. d4 exd4 14. axb3 Nf6 15.
Nd5 Nxe4 16. Qe2 f5 17. Nd2 a5 18. Nxe4 fxe4 19. Qxe4+ Ne5 20. Bxe5 Kd7 21. Bxh8
Qxh8 22. Qe7+ Kc6 23. Nf6 a4 24. Qe4+ Kb6 25. Nd7+ Ka5 26. Nxc5 dxc5 27. bxa4
Kxa4 28. Qe7 Qg8 29. Qxc5 Ka5 30. Rxd4 Ka6 31. Rhd1 Kb7 32. Qxb5+ Kc8 33. Rb4
Ra1+ 34. Kd2 Qd8+ 35. Qd3 Rxd1+ 36. Kxd1 Qxd3+ 37. cxd3 Kd7 38. Ke2 Kd6 39. Ke3
Kd5 40. Ra4 Ke5 41. Ra5+ Kd6 42. Kd4 Kc6 43. Rf5 Kb6 44. Rf6+ Kb5 45. Rxh6 Kb4
46. Rc6 Kb3 47. Rxc7 Kxb2 48. Ke3 Kb3 49. d4 Kb4 50. d5 Kb5 51. d6 Kb6 52. Rc1
Kb5 53. d7 Kb6 54. d8=Q+ Kb7 55. Qd2 Kb6 56. Qb2+ Ka5 57. Ra1# 1-0

[Event "AUTO-INT-411"]
[Site "http://www.queenalice.com/game.php?id=194863"]
[Date "2007.4.10"]
[Round "1"]
[White "raga"]
[Black "erivaldoadao"]
[Result "0-1"]
[WhiteElo "1681"]
[BlackElo "1537"]

1. e4 e5 2. Nf3 d6 3. Nc3 Bg4 4. Be2 Nf6 5. d3 Nc6 6. Bg5 Be7 7. Qd2 Bxf3 8.
Bxf3 Nd4 9. O-O-O Nxf3 10. gxf3 h6 11. Bh4 Qd7 12. d4 g5 13. Bg3 a6 14. dxe5
dxe5 15. Bxe5 Qxd2+ 16. Rxd2 Rg8 17. Nd5 Nxd5 18. Rxd5 c6 19. Rd3 Bc5 20. Rhd1
Bb6 21. Bf6 Rg6 22. Bd4 c5 23. Be5 c4 24. Rd7 Bxf2 25. Rxb7 f6 26. Bc3 Be3+ 27.
Kb1 g4 28. Rh7 Rg8 29. fxg4 Rd8 30. Rxd8+ Kxd8 31. Bxf6+ Kc8 32. Rh8 Rxh8 33.
Bxh8 Kd7 34. b3 cxb3 35. axb3 Ke6 36. c4 Bg1 37. h3 Be3 38. Kc2 Kd6 39. Kd3 Bc5
0-1

[Event "AUTO-INT-411"]
[Site "http://www.queenalice.com/game.php?id=194864"]
[Date "2007.4.10"]
[Round "1"]
[White "erivaldoadao"]
[Black "raga"]
[Result "0-1"]
[WhiteElo "1634"]
[BlackElo "1701"]

1. e4 d6 2. Bc4 Nf6 3. Nc3 Nc6 4. Nf3 Bg4 5. Be2 e5 6. d3 Be7 7. Be3 Qd7 8. O-O
O-O-O 9. a3 h5 10. Ng5 Rdf8 11. f3 Be6 12. Nb5 Kb8 13. Qd2 d5 14. Rfd1 a6 15.
Nc3 d4 16. Nxe6 dxe3 17. Qxe3 Qxe6 18. b4 Nd4 19. Rdc1 Nxe2+ 20. Qxe2 Qb6+ 21.
Kh1 Rh6 22. Rd1 Rd8 23. Rdb1 h4 24. Na4 Qd4 25. Nb2 Nh5 26. Nc4 Ng3+ 27. hxg3
hxg3# 0-1

[Event "AUTO-INT-440"]
[Site "http://www.queenalice.com/game.php?id=205479"]
[Date "2007.5.3"]
[Round "1"]
[White "marcosbratz"]
[Black "raga"]
[Result "1/2-1/2"]
[WhiteElo "1738"]
[BlackElo "1726"]

1. e4 c5 2. Nf3 Nc6 3. g3 e6 4. Bg2 Be7 5. d3 d6 6. O-O Nf6 7. Nc3 O-O 8. Bd2
Bd7 9. Re1 Rc8 10. e5 Ng4 11. h3 Ngxe5 12. Nxe5 Nxe5 13. Bxb7 Rb8 14. Bg2 Qb6
15. b3 Bc6 16. Bxc6 Qxc6 17. Bf4 Nf3+ 18. Kf1 Nxe1 19. Qxe1 Qh1+ 20. Ke2 Qxh3
21. Ne4 Rfd8 22. Bg5 Qg4+ 23. f3 Qh5 24. Bxe7 Rd7 25. Bxd6 Rxd6 26. Nxd6 Qe5+
27. Ne4 f5 28. f4 Qd4 29. Ng5 e5 30. Nf3 Qd5 31. fxe5 Rb4 32. Kf2 f4 33. g4 Rb7
34. c4 Qxd3 35. Rd1 Qe3+ 36. Qxe3 fxe3+ 37. Kxe3 h6 38. Rd8+ Kf7 39. Ke4 Rc7 40.
Rh8 Rc6 41. g5 a6 42. Rh7 Kg8 43. Kd5 Rg6 44. Rxh6 gxh6 45. gxh6 Rxh6 46. Kxc5
Kf7 47. Nd4 Ke7 48. a4 Rh5 49. Nc6+ Ke8 50. b4 Kd7 51. b5 axb5 52. cxb5 Kc7 53.
a5 Rh6 54. a6 Rh8 55. e6 Rh5+ 56. Kb4 Kb6 57. Nd4 Re5 58. Kc4 Rc5+ 59. Kb4 Re5
60. a7 Kb7 61. Ka5 Re1 62. b6 Ra1+ 63. Kb5 Rb1+ 64. Kc5 Rc1+ 65. Kd5 Rc8 66. Kd6
Kxb6 67. e7 Re8 68. Ne6 Kxa7 1/2-1/2

[Event "AUTO-INT-440"]
[Site "http://www.queenalice.com/game.php?id=205480"]
[Date "2007.5.3"]
[Round "1"]
[White "raga"]
[Black "marcosbratz"]
[Result "1-0"]
[WhiteElo "1653"]
[BlackElo "1698"]

1. d4 d5 2. Nf3 Nc6 3. e3 Nf6 4. c4 dxc4 5. Bxc4 e6 6. O-O Be7 7. Nc3 O-O 8. Re1
a6 9. Bd3 Bb4 10. Qc2 Re8 11. a3 Bxc3 12. bxc3 b5 13. Rb1 Bb7 14. a4 Ne7 15. Ne5
Ng6 16. Nxg6 fxg6 17. c4 c6 18. Ba3 Rc8 19. Qb3 Qd7 20. cxb5 axb5 21. Bc5 Ba6
22. Bc2 Rb8 23. Qa3 Qd5 24. Bd3 b4 25. Rxb4 Bxd3 26. Rxb8 Rxb8 27. Qxd3 Ne4 28.
Rb1 Rxb1+ 29. Qxb1 Nxc5 30. dxc5 Qxc5 31. h3 Kf7 32. Qb7+ Kf6 33. Qb8 Qa5 34.
Qf8+ Ke5 35. Qf4+ Kd5 36. Qd4# 1-0

[Event "AUTO-INT-440"]
[Site "http://www.queenalice.com/game.php?id=205487"]
[Date "2007.5.3"]
[Round "1"]
[White "Dcanti"]
[Black "raga"]
[Result "1-0"]
[WhiteElo "1479"]
[BlackElo "1731"]

1. d4 Nf6 2. Nc3 d5 3. Nf3 g6 4. e3 Bg7 5. Bd3 O-O 6. O-O Nc6 7. e4 dxe4 8. Nxe4
Bg4 9. Nxf6+ Bxf6 10. c3 Re8 11. Be2 Qd7 12. h3 Bf5 13. Be3 e5 14. dxe5 Nxe5 15.
Qxd7 Nxd7 16. Rad1 Nb6 17. g4 Be6 18. Nd4 Bxa2 19. g5 Be5 20. Nb5 Bb3 21. Rd2
Nc4 22. Rd7 Nxe3 23. fxe3 1-0

[Event "AUTO-INT-440"]
[Site "http://www.queenalice.com/game.php?id=205488"]
[Date "2007.5.3"]
[Round "1"]
[White "raga"]
[Black "Dcanti"]
[Result "0-1"]
[WhiteElo "1705"]
[BlackElo "1505"]

1. d4 d5 2. Nf3 Nf6 3. c4 e6 4. Nc3 c6 5. e3 Be7 6. Be2 O-O 7. O-O Bd6 8. c5 Bc7
9. Qc2 Qe7 10. Re1 Nbd7 11. Bf1 e5 12. b4 e4 13. Nd2 Nh5 14. Be2 g6 15. Rf1 Qf6
16. f3 exf3 17. Nxf3 Qf5 18. e4 dxe4 19. Ne5 Qe6 20. Bc4 Qe7 21. Nxf7 Rxf7 22.
Rxf7 Qxf7 0-1

[Event "AUTO-INT-460"]
[Site "http://www.queenalice.com/game.php?id=212754"]
[Date "2007.5.18"]
[Round "1"]
[White "debia"]
[Black "raga"]
[Result "0-1"]
[WhiteElo "1504"]
[BlackElo "1682"]

1. e4 c5 2. Nf3 e6 3. Nc3 Nc6 4. d3 Nf6 5. Bg5 Be7 6. a3 O-O 7. h3 d6 8. Nh4 h6
9. Bxh6 gxh6 10. g4 Nh7 11. Nf3 Ne5 12. Rg1 Nxf3+ 13. Qxf3 Bh4 14. O-O-O Bd7 15.
g5 Bxg5+ 16. Kb1 Kh8 17. Qg3 Rg8 18. Qxd6 Bc6 19. Qe5+ Bf6 20. Qh2 Rxg1 21. Qxg1
Qb6 22. b3 Bxc3 23. f3 a5 24. a4 Bxa4 25. Ka2 Rd8 26. Rb1 Bc6 27. Qe3 Bg7 28. c4
Qb4 29. e5 a4 30. Kb2 axb3 31. Ra1 b6 32. Ra7 Bxf3 33. Rxf7 Ra8 0-1

[Event "AUTO-INT-460"]
[Site "http://www.queenalice.com/game.php?id=212755"]
[Date "2007.5.18"]
[Round "1"]
[White "raga"]
[Black "debia"]
[Result "1-0"]
[WhiteElo "1628"]
[BlackElo "1545"]

1. e4 e5 2. Nf3 Nc6 3. Bb5 Nb4 4. a3 Na6 5. O-O Nc5 6. Re1 Bd6 7. c3 a6 8. Bc4
Nh6 9. d4 exd4 10. cxd4 b5 11. e5 Be7 12. Ba2 Nb7 13. Bxh6 gxh6 14. Qb3 c5 15.
Qxf7# 1-0

[Event "AUTO-INT-460"]
[Site "http://www.queenalice.com/game.php?id=212768"]
[Date "2007.5.18"]
[Round "1"]
[White "Chazam"]
[Black "raga"]
[Result "1-0"]
[WhiteElo "1505"]
[BlackElo "1757"]

1. e4 c5 2. b3 d6 3. Qf3 Nf6 4. Nc3 Nc6 5. Bc4 e6 6. Bb2 Be7 7. Be2 a6 8. Qg3
O-O 9. Nh3 Bd7 10. O-O Rc8 11. a3 Nd4 12. Qd3 e5 13. Rac1 Be6 14. b4 Qd7 15. Nd1
Nxe2+ 16. Qxe2 Bxh3 17. gxh3 Qxh3 18. Qe3 Qg4+ 19. Kh1 Qxe4+ 20. Qxe4 Nxe4 21.
Bc3 Bg5 22. Ne3 Nxc3 23. Rg1 Bxe3 24. dxe3 Ne2 25. Rcd1 Nxg1 26. Kxg1 cxb4 27.
axb4 Rxc2 28. Rxd6 Rb2 29. Rd5 f6 30. h4 Rxb4 31. h5 Rh4 32. Kg2 Rxh5 33. Kf3
Rc8 34. e4 b5 35. Kg4 Rh1 36. Kf5 b4 37. Ke6 b3 38. Rd2 Rhc1 39. Kf5 R1c2 40.
Rd7 1-0

[Event "AUTO-INT-460"]
[Site "http://www.queenalice.com/game.php?id=212769"]
[Date "2007.5.18"]
[Round "1"]
[White "raga"]
[Black "Chazam"]
[Result "1-0"]
[WhiteElo "1717"]
[BlackElo "1496"]

1. e4 b6 2. Nf3 Bb7 3. Nc3 e6 4. d4 d5 5. exd5 Bxd5 6. Bd3 h6 7. O-O g5 8. Re1
Bd6 9. Nxd5 c6 10. Nc3 b5 11. Ne4 Bb4 12. c3 Ba5 13. Ne5 Nf6 14. Qf3 Nbd7 15.
Nd6+ Kf8 16. Ndxf7 Nxe5 17. Nxe5 Qe8 18. Qxf6+ Kg8 19. Bg6 Qf8 20. Bf7+ Kh7 21.
Qg6# 1-0

[Event "AUTO-INT-460"]
[Site "http://www.queenalice.com/game.php?id=212776"]
[Date "2007.5.18"]
[Round "1"]
[White "jiujitsubr"]
[Black "raga"]
[Result "0-1"]
[WhiteElo "1738"]
[BlackElo "1741"]

1. d4 Nf6 2. c4 g6 3. Nc3 Bg7 4. e3 d6 5. Bd3 O-O 6. Nge2 b6 7. O-O Bb7 8. f3
Re8 9. e4 Nbd7 10. Be3 c5 11. d5 Ne5 12. f4 Neg4 13. Bd2 e5 14. fxe5 Nxe5 15.
Bc2 Nxc4 16. Bg5 h6 17. Bh4 Ne3 18. Qd2 Nxf1 19. Rxf1 Ba6 20. Qf4 g5 21. Bxg5
hxg5 22. Qxg5 Nxe4 23. Qf4 Nf6 24. Qf5 Bxe2 25. Nxe2 Rxe2 26. Bd3 Rxb2 27. Qg5
Qe7 28. h4 Nxd5 29. Qxd5 Bd4+ 0-1

[Event "AUTO-INT-460"]
[Site "http://www.queenalice.com/game.php?id=212777"]
[Date "2007.5.18"]
[Round "1"]
[White "raga"]
[Black "jiujitsubr"]
[Result "0-1"]
[WhiteElo "1696"]
[BlackElo "1710"]

1. e4 c5 2. Nf3 d6 3. d4 cxd4 4. Nxd4 Nf6 5. Nc3 g6 6. Be3 Bg7 7. Qd2 Ng4 8. Bg5
h6 9. Bh4 g5 10. Bg3 O-O 11. h4 Qb6 12. O-O-O Nc6 13. Nf3 Be6 14. a3 Rac8 15.
hxg5 h5 16. Rxh5 f5 17. Nd5 Qxb2# 0-1